Index globálnej konkurenčnej schopnosti podniku

Vymedzenie základných kritérií indexu globálnej konkurenčnej schopnosti KGCI, ktorý je v súčasnosti významným nástrojom slúžiacim k identifikovaniu faktorov úspechu internacionalizácie obchodných podnikov. Osem hodnotiacich kritérií, ktoré tvoria základ indexu globálnej konkurenčnej schopnosti.

Salvato in:
Dettagli Bibliografici
Autore principale: Matušovičová, Monika, 1967-
Natura: Capitolo di libro
Lingua:slovacco
Soggetti:
Tags: Aggiungi Tag
Nessun Tag, puoi essere il primo ad aggiungerne!!

MARC

LEADER 00000naa$a2200000$$$4500
001 0103913
005 20240502072131.8
041 0 |a slo 
044 |a SK 
245 1 0 |a Index globálnej konkurenčnej schopnosti podniku  |c Monika Matušovičová 
520 |a Vymedzenie základných kritérií indexu globálnej konkurenčnej schopnosti KGCI, ktorý je v súčasnosti významným nástrojom slúžiacim k identifikovaniu faktorov úspechu internacionalizácie obchodných podnikov. Osem hodnotiacich kritérií, ktoré tvoria základ indexu globálnej konkurenčnej schopnosti. 
610 2 0 |a podnik obchodný 
610 2 0 |a internacionalizácia 
610 2 0 |a konkurencia medzinárodná 
610 2 0 |a konkurencieschopnosť 
610 2 0 |a indexy 
100 1 |a Matušovičová, Monika, 1967-